| 000 | 00803nam a2200265Ia 4500 | ||
|---|---|---|---|
| 001 | Para_4406 | ||
| 003 | CHAP | ||
| 008 | 220125s1944 xx 000 0 und d | ||
| 010 | _a202919 | ||
| 040 | _cCHAP | ||
| 090 | _aPA FOLLETO 1640 | ||
| 100 |
_aWallis, R. L _9120942 |
||
| 245 |
_aControl of the mexican bean beetle in irrigated districts in the west / _c by R. L. Wallis |
||
| 260 |
_aWashington : _b Department of Agriculture |
||
| 300 | _a12 p. | ||
| 440 |
_aEUA. Dept. of Agriculture Circular; 675 _9168416 |
||
| 650 |
_aEpilachna varivestis Control de plagas Frijol _x Plagas _9168417 |
||
| 901 | _aPA FOLLETO 1640 | ||
| 902 | _aA | ||
| 905 | _a0000001944 WAS 0000000000 00 | ||
| 910 | _a1944 | ||
| 942 | _cPARA | ||
| 942 |
_cPARA _d1 |
||
| 999 |
_c202919 _d202919 |
||